00306nam a2200145Ia 4500008004000000041000800040082001100048100001700059245002000076260003200096650000900128650000700137650000600144650001000150210210b1951 xxu||||| |||| 00| 0 eng d aeng a425/47 aBROWN (Ivor) aI break my word aLondonbJonathan Capec1951 aword amy aI abreak